Municipis de la comarca de la Cerdanya amb mapa (Catalunya) - Statistics

General Stats
  • This quiz has been taken 92 times
  • The average score is 9 of 17
Answers on the Map
Answers color-coded by a green-red scale on the quiz's map according to % correct below.
 
Answer Stats
Answer % Correct
Llívia
79%
Alp
69%
Puigcerdà
67%
Montellà i Martinet
59%
Prats i Sansor
59%
Bellver de Cerdanya
56%
Guils de Cerdanya
56%
Isòvol
56%
Lles de Cerdanya
56%
Meranges
56%
Prullans
51%
Riu de Cerdanya
51%
Fontanals de Cerdanya
49%
Urús
49%
Das
41%
Bolvir
38%
Ger
38%
No matching quizzes found
Score Distribution
Percent of People with Each Score
Percentile by Number Answered
Your Score History
You have not taken this quiz